LEADER 01155nam0-2200325---450- 001 990008609580403321 005 20080204091716.0 035 $a000860958 035 $aFED01000860958 035 $a(Aleph)000860958FED01 035 $a000860958 100 $a20080204d2002----km-y0itay50------ba 101 0 $aeng 102 $aBE 105 $aaf------001yy 200 1 $aHumanisme et culture géographique à l'époque du concile de Constance autour de Guillaume Fillastre$eactes du Colloque de l'Université de Reims, 18-19 novembre 1999$fédités par Didier Marcotte 210 $aTurnhout$cBrepols$d2001 215 $a370 p.$cill.$d28 cm$e1 c. geogr. ripieg. 225 1 $aTerrarum orbis$v3 610 0 $aGeografia storica 610 0 $aGeografia - Sec. 15. - Congressi - Reims - 1999 676 $a912 700 1$aMarcotte,$bDidier$0502978 801 0$aIT$bUNINA$gRICA$2UNIMARC 901 $aBK 912 $a990008609580403321 952 $a912 CONV REIMS 1999$bBibl. 50692$fFLFBC 959 $aFLFBC 996 $aHumanisme et culture géographique à l'époque du concile de Constance autour de Guillaume Fillastre$9712016 997 $aUNINA LEADER 02239pam 22005894a 450 001 9910693817303321 005 20230829001549.0 035 $a(CKB)1000000000522359 035 $a(MH)008513547-X 035 $a(SSID)ssj0000277164 035 $a(PQKBManifestationID)11218954 035 $a(PQKBTitleCode)TC0000277164 035 $a(PQKBWorkID)10234153 035 $a(PQKB)10752677 035 $a(OCoLC)42817010 035 9 $aocm42817010 035 $a(OCoLC)991000000000522359 035 $a(EXLCZ)991000000000522359 100 $a20000210d2000 uy 0 101 0 $aeng 181 $ctxt 182 $cc 183 $acr 200 10$aDictionary of international trade $ehandbook of the global trade community includes 12 key appendices /$fEdward G. Hinkelman ; with contributions by Karla Shippey ... [et al.]$b[electronic resource] 205 $a4th ed. 210 $aNovato, Calif. $cWorld Trade Press$dc2000 210 1$a[Washington, D.C.] :$cU.S. Dept. of Commerce, International Trade Administration,$d1998. 215 $a1 online resource (416 p. )$cill., maps ; 300 $aBibliographic Level Mode of Issuance: Monograph 320 $aIncludes bibliographical references (p. 367-393). 606 $aInternational trade$vDictionaries 606 $aInternational Commerce$2HILCC 606 $aCommerce$2HILCC 606 $aBusiness & Economics$2HILCC 607 $aUnited States$xCommerce$vDictionaries 608 $aHandbooks and manuals.$2lcgft 615 0$aInternational trade 615 7$aInternational Commerce 615 7$aCommerce 615 7$aBusiness & Economics 676 $a382/.03 700 $aHinkelman$b Edward G.$f1947-$01128205 702 $aWoznick$b Alexandra 712 02$aUnited States.$bDepartment of Commerce. 801 0$bDLC 801 1$bDLC 801 2$bDLC 906 $aBOOK 912 $a9910693817303321 996 $aDictionary of international trade$93185018 997 $aUNINA 999 $aThis Record contains information from the Harvard Library Bibliographic Dataset, which is provided by the Harvard Library under its Bibliographic Dataset Use Terms and includes data made available by, among others the Library of Congress